000 004440000a22001690004500
003 LK-CoMWRAF
008 230817t ||||| |||| 00| 0 eng d
040 _aLK-CoMWRAF
_dLK-CoMWRAF
_eLK-CoMWRAF
041 _aeng
082 _a942
_bCOM
245 _aCommunication respecting the violations of human rights of Haitian women
_b
260 _b
_a
_c
300 _ap.43
650 _aViolence against women
650 _aWomen-Haiti
942 _cBK
999 _c3008
_d3008